000 00488nam a2200145 4500
999 _c10892
_d10892
008 180925b ||||| |||| 00| 0 eng d
022 _a2094-8042
082 _aDPer 370.105 M72 Jan-Dec 2011 v59-60
100 _931678
_aFranche, Dollie G.
245 _aSexual abuse and incest/
_cDollie G. Franche.
260 _aPhilippines:
_bIn the Grade School, Inc.,
_cc2011.
300 _av60 n5, pages 199-201:
_billustrations;
_c27cm.
650 0 _931682
_aSexual harassment.
942 _2ddc
_cPER